[Event "IECG WC.2006.S.00007 email"]
[Site "IECG email"]
[Date "2004.07.18"]
[Round "?"]
[White "Copie, Jose Antonio"]
[Black "Arnold, G Robert"]
[Result "0-1"]
[WhiteElo "2375"]
[BlackElo "2235"]
[PlyCount "102"]
[EventDate "2004.07.18"]
[EventType "tourn (corr)"]
[EventRounds "10"]
[SourceTitle "Corr 2008"]
[Source "ChessBase"]
[SourceDate "2008.06.24"]
[SourceVersion "1"]
[SourceVersionDate "2008.06.24"]
[SourceQuality "1"]

1. e4 Nf6 2. e5 Nd5 3. d4 d6 4. Nf3 Bg4 5. Be2 e6 6. 0-0 Be7 7. c4 Nb6 8. Nc3 0-0 9. Be3 N8d7 10. exd6 cxd6 11. b3 d5 12. c5 Nc8 13. b4 Bf6 14. h3 Bxf3 15. Bxf3 Ne7 16. Qd3 b6 17. Bd1 Qc7 18. Bb3 a6 19. Rfc1 Rfc8 20. Rab1 Nc6 21. Bc2 g6 22. a3 Bg7 23. Na4 Qd8 24. cxb6 Nxb6 25. Bb3 Ne7 26. Rc5 Nxa4 27. Bxa4 Nf5 28. Rbc1 Nxe3 29. fxe3 Bf8 30. Rc6 Rxc6 31. Rxc6 a5 32. b5 Qg5 33. Kf1 Re8 34. Bd1 e5 35. dxe5 Rxe5 36. Rc3 d4 37. exd4 Rxb5 38. Qe3 Qf6+ 39. Qf2 Qa6 40. Ke1 Rb1 41. Qf3 Qe6+ 42. Re3 Qa2 43. Re2 Qc4 44. Rd2 Ra1 45. Rd3 a4 46. d5 Qb5 47. h4 Bc5 48. h5 Qa5+ 49. Kf1 Qa6 50. Ke1 Ra2 51. hxg6 hxg6 0-1

[Event "IECG WC.2004.T.00002 email"]
[Site "IECG email"]
[Date "2003.08.15"]
[Round "?"]
[White "Barnsley, Anthony R"]
[Black "Copie, Jose Antonio"]
[Result "1/2-1/2"]
[WhiteElo "2460"]
[BlackElo "2416"]
[PlyCount "39"]
[EventDate "2003.08.15"]
[EventType "tourn (corr)"]
[EventRounds "8"]
[SourceTitle "Corr 2008"]
[Source "ChessBase"]
[SourceDate "2008.06.24"]
[SourceVersion "1"]
[SourceVersionDate "2008.06.24"]
[SourceQuality "1"]

1. e4 g6 2. d4 Bg7 3. Nc3 d6 4. f4 Nf6 5. Nf3 0-0 6. Bd3 Na6 7. 0-0 c5 8. d5 Rb8 9. f5 Nc7 10. fxg6 fxg6 11. a4 e6 12. dxe6 Bxe6 13. Ng5 Qe7 14. Nxe6 Qxe6 15. Qe2 Rbe8 16. Bf4 Kh8 17. Kh1 Nh5 18. Bd2 Nf6 19. Rae1 Qd7 20. Be3 1/2-1/2

[Event "IECG WC.2004.T.00002 email"]
[Site "IECG email"]
[Date "2003.08.15"]
[Round "?"]
[White "Kordts, Wolfgang"]
[Black "Copie, Jose Antonio"]
[Result "1-0"]
[WhiteElo "2381"]
[BlackElo "2416"]
[PlyCount "57"]
[EventDate "2003.08.15"]
[EventType "tourn (corr)"]
[EventRounds "8"]
[SourceTitle "Corr 2008"]
[Source "ChessBase"]
[SourceDate "2008.06.24"]
[SourceVersion "1"]
[SourceVersionDate "2008.06.24"]
[SourceQuality "1"]

1. d4 g6 2. c4 Bg7 3. Nc3 Nf6 4. e4 d6 5. Nf3 0-0 6. Be2 e5 7. 0-0 Nc6 8. d5 Ne7 9. b4 Nh5 10. Re1 a5 11. bxa5 Rxa5 12. a4 c5 13. Ra3 Kh8 14. Nb5 Ng8 15. g3 Ra6 16. Nh4 Nf4 17. Bg4 f5 18. exf5 Nh6 19. Nxg6+ hxg6 20. gxf4 Nxg4 21. Qxg4 Bxf5 22. Qg3 e4 23. Bd2 Kh7 24. Bc3 Bxc3 25. Nxc3 Re8 26. Rb3 Rb6 27. Rxb6 Qxb6 28. Qh4+ Kg7 29. Nb5 1-0

[Event "IECG WC.2005.S.00010 email"]
[Site "IECG email"]
[Date "2003.05.19"]
[Round "?"]
[White "Copie, Jose Antonio"]
[Black "Raffaele, Enzo"]
[Result "1-0"]
[WhiteElo "2432"]
[BlackElo "2254"]
[PlyCount "85"]
[EventDate "2003.05.19"]
[EventType "tourn (corr)"]
[EventRounds "10"]
[SourceTitle "Corr 2008"]
[Source "ChessBase"]
[SourceDate "2008.06.24"]
[SourceVersion "1"]
[SourceVersionDate "2008.06.24"]
[SourceQuality "1"]

1. e4 e5 2. Nf3 Nc6 3. Bb5 a6 4. Ba4 Nf6 5. d3 d6 6. c4 Be7 7. Nc3 0-0 8. h3 Nd7 9. Be3 Bf6 10. Bxc6 bxc6 11. Qe2 Rb8 12. 0-0-0 c5 13. Nd5 c6 14. Nxf6+ Qxf6 15. g4 d5 16. Kb1 a5 17. Rc1 a4 18. g5 Qd6 19. Nh4 g6 20. Ng2 d4 21. Bd2 f6 22. h4 Rf7 23. h5 Nf8 24. hxg6 Nxg6 25. Nh4 fxg5 26. Bxg5 Rfb7 27. Rc2 a3 28. b3 Nf4 29. Bxf4 exf4 30. Qh5 Rg7 31. Qe8+ Qf8 32. Qxc6 Rbb7 33. Rcc1 Rbf7 34. Rcg1 Bg4 35. f3 Bd7 36. Qd5 Qe7 37. Rxg7+ Kxg7 38. Rg1+ Kh6 39. Ng2 Bc8 40. Rh1+ Kg7 41. Qh5 Kg8 42. Rh4 Bd7 43. Nxf4 1-0

[Event "IECG WC.2005.S.00010 email"]
[Site "IECG email"]
[Date "2003.05.19"]
[Round "?"]
[White "Copie, Jose Antonio"]
[Black "Schiller, Wilfried"]
[Result "1/2-1/2"]
[WhiteElo "2432"]
[BlackElo "2290"]
[PlyCount "99"]
[EventDate "2003.05.19"]
[EventType "tourn (corr)"]
[EventRounds "10"]
[SourceTitle "Corr 2008"]
[Source "ChessBase"]
[SourceDate "2008.06.24"]
[SourceVersion "1"]
[SourceVersionDate "2008.06.24"]
[SourceQuality "1"]

1. e4 e5 2. Nf3 Nc6 3. Bb5 a6 4. Ba4 Nf6 5. d3 Bc5 6. Be3 Bxe3 7. fxe3 0-0 8. 0-0 d6 9. Bxc6 bxc6 10. c4 Ng4 11. Qe2 f5 12. Nc3 fxe4 13. Nxe4 Bf5 14. Ng3 Bd7 15. d4 Qe7 16. h3 e4 17. Nd2 Nf6 18. Nh5 Kh8 19. Nxf6 gxf6 20. Rf4 f5 21. Raf1 Rg8 22. R1f2 Rg6 23. c5 Be6 24. b4 a5 25. bxa5 Rxa5 26. Nb3 Ra8 27. Kh2 Qg7 28. Qf1 Rg8 29. Rc2 Rg3 30. Qf2 Bd7 31. d5 cxd5 32. cxd6 c6 33. Nc5 Bc8 34. Kh1 Rg5 35. a4 Rg6 36. a5 Rxd6 37. a6 Rg6 38. Ra2 Qa7 39. Qb2+ R8g7 40. Qd4 h6 41. Rff2 Rg3 42. Rfb2 f4 43. exf4 Kh7 44. Rb3 Rxb3 45. Nxb3 Qxd4 46. Nxd4 Ra7 47. Nxc6 Rxa6 48. Rxa6 Bxa6 49. Kg1 h5 50. Kf2 1/2-1/2

[Event "IECG CP.2000.S.00004 email"]
[Site "IECG email"]
[Date "2002.10.01"]
[Round "?"]
[White "Copie, Jose Antonio"]
[Black "Simmelink, Joop Theo"]
[Result "1/2-1/2"]
[WhiteElo "2465"]
[BlackElo "2257"]
[PlyCount "51"]
[EventDate "2002.10.01"]
[EventType "tourn (corr)"]
[EventRounds "6"]
[EventCountry "FRA"]
[SourceTitle "Corr 2008"]
[Source "ChessBase"]
[SourceDate "2008.06.24"]
[SourceVersion "1"]
[SourceVersionDate "2008.06.24"]
[SourceQuality "1"]

1. e4 c5 2. Nf3 d6 3. d4 cxd4 4. Nxd4 Nf6 5. Nc3 g6 6. Be3 Bg7 7. f3 Nc6 8. Qd2 0-0 9. 0-0-0 d5 10. exd5 Nxd5 11. Nxc6 bxc6 12. Bd4 e5 13. Bc5 Re8 14. Nxd5 cxd5 15. Qxd5 Qxd5 16. Rxd5 Be6 17. Rd6 Bxa2 18. b4 a5 19. Bb5 Rec8 20. Bd7 Rc7 21. Rhd1 axb4 22. Bc6 Rf8 23. Bxb4 f5 24. Ba5 Rcc8 25. Bb4 Rc7 26. Ba5 1/2-1/2

[Event "IECG CP.2000.S.00004 email"]
[Site "IECG email"]
[Date "2002.10.01"]
[Round "?"]
[White "Riemer, Wolfgang"]
[Black "Copie, Jose Antonio"]
[Result "1/2-1/2"]
[WhiteElo "2215"]
[BlackElo "2465"]
[PlyCount "78"]
[EventDate "2002.10.01"]
[EventType "tourn (corr)"]
[EventRounds "6"]
[EventCountry "FRA"]
[SourceTitle "Corr 2008"]
[Source "ChessBase"]
[SourceDate "2008.06.24"]
[SourceVersion "1"]
[SourceVersionDate "2008.06.24"]
[SourceQuality "1"]

1. c4 g6 2. d4 Bg7 3. e4 d6 4. Nc3 Nf6 5. h3 0-0 6. Nf3 e5 7. d5 Nbd7 8. Bd3 Nh5 9. Bc2 a5 10. Be3 Nc5 11. g3 Bd7 12. Kf1 b6 13. Kg2 f5 14. exf5 Bxf5 15. Bxf5 Rxf5 16. Nd2 Qd7 17. Nde4 Nxe4 18. Nxe4 Raf8 19. Qd3 h6 20. Rae1 Kh7 21. b3 R5f7 22. Rhf1 Rf3 23. Qc2 R3f7 24. f3 Nf6 25. Nxf6+ Rxf6 26. Qe4 Qf5 27. Bd2 h5 28. g4 Qxe4 29. fxe4 Rxf1 30. Rxf1 Rxf1 31. Kxf1 hxg4 32. hxg4 Bf6 33. g5 Be7 34. Ke2 Kg8 35. a3 Kf7 36. b4 axb4 37. axb4 Ke8 38. Kd3 Kd7 39. b5 Ke8 1/2-1/2

[Event "IECG WC.2001.F.00001 email"]
[Site "IECG email"]
[Date "2001.12.15"]
[Round "?"]
[White "Bonatti, Walter Fabian"]
[Black "Copie, Jose Antonio"]
[Result "0-1"]
[WhiteElo "2474"]
[BlackElo "2556"]
[PlyCount "57"]
[EventDate "2001.12.15"]
[EventType "tourn (corr)"]
[EventRounds "14"]
[SourceTitle "Corr 2008"]
[Source "ChessBase"]
[SourceDate "2008.06.24"]
[SourceVersion "1"]
[SourceVersionDate "2008.06.24"]
[SourceQuality "1"]

1. e4 g6 2. Nc3 Bg7 3. f4 d6 4. Nf3 Nf6 5. g3 0-0 6. Bg2 c5 7. 0-0 Nc6 8. d3 Rb8 9. h3 b5 10. a3 a5 11. Be3 b4 12. axb4 axb4 13. Ne2 Bb7 14. Qd2 Ra8 15. Rxa8 Qxa8 16. g4 Nd7 17. b3 e6 18. f5 exf5 19. gxf5 Nce5 20. Nxe5 Bxe5 21. Bf4 f6 22. Bxe5 fxe5 23. Ng3 Qd8 24. Qh6 Rf6 25. h4 Qf8 26. Qg5 Qg7 27. Ra1 Rf7 28. Bh3 Nf8 29. Kh2 0-1

[Event "IECG WC.2001.F.00001 email"]
[Site "IECG email"]
[Date "2001.12.15"]
[Round "?"]
[White "Copie, Jose Antonio"]
[Black "Bildat, Juergen"]
[Result "0-1"]
[WhiteElo "2556"]
[BlackElo "2365"]
[PlyCount "78"]
[EventDate "2001.12.15"]
[EventType "tourn (corr)"]
[EventRounds "14"]
[SourceTitle "Corr 2008"]
[Source "ChessBase"]
[SourceDate "2008.06.24"]
[SourceVersion "1"]
[SourceVersionDate "2008.06.24"]
[SourceQuality "1"]

1. e4 c5 2. Nf3 d6 3. d4 cxd4 4. Nxd4 Nf6 5. Nc3 a6 6. Bg5 e6 7. f4 Qb6 8. Nb3 Be7 9. Qf3 Nbd7 10. 0-0-0 Qc7 11. g4 b5 12. Bxf6 Nxf6 13. g5 Nd7 14. a3 Rb8 15. h4 Nc5 16. Nxc5 dxc5 17. Nb1 Bb7 18. Bg2 0-0 19. Qg3 b4 20. c4 Bc6 21. e5 Ba4 22. Rd3 Qb6 23. Qf2 Rfd8 24. Rxd8+ Rxd8 25. Qe3 bxa3 26. Nxa3 Rd4 27. Be4 Qb3 28. Qe2 Qg3 29. Rf1 Qxh4 30. Qf3 Bc6 31. Bxc6 Rxf4 32. Qd3 Rxf1+ 33. Qxf1 Qxg5+ 34. Kb1 Qxe5 35. Qg2 g5 36. Bb7 h5 37. Bxa6 g4 38. Nb5 Qf5+ 39. Ka2 h4 0-1

[Event "IECG CP.2000.Q.00001"]
[Site "IECG email"]
[Date "2001.10.01"]
[Round "?"]
[White "Copie, Jose Antonio"]
[Black "Somodi, Balazs"]
[Result "1-0"]
[WhiteElo "2558"]
[BlackElo "2049"]
[PlyCount "39"]
[EventDate "2001.10.01"]
[EventType "tourn (corr)"]
[EventRounds "6"]
[SourceTitle "Corr 2008"]
[Source "ChessBase"]
[SourceDate "2008.06.24"]
[SourceVersion "1"]
[SourceVersionDate "2008.06.24"]
[SourceQuality "1"]

1. e4 c5 2. Nf3 d6 3. d4 cxd4 4. Nxd4 Nf6 5. Nc3 a6 6. Bg5 e6 7. f4 Qb6 8. Nb3 Nbd7 9. Qf3 Qc7 10. 0-0-0 Be7 11. g4 b5 12. Bxf6 Nxf6 13. g5 Nd7 14. a3 Rb8 15. h4 b4 16. axb4 Rxb4 17. Rd4 Rxd4 18. Nxd4 Qb6 19. Nb3 Bb7 20. Bd3 1-0

[Event "IECG CP.2000.Q.00001"]
[Site "IECG email"]
[Date "2001.10.01"]
[Round "?"]
[White "Glanz, Andre"]
[Black "Copie, Jose Antonio"]
[Result "0-1"]
[WhiteElo "1979"]
[BlackElo "2558"]
[PlyCount "50"]
[EventDate "2001.10.01"]
[EventType "tourn (corr)"]
[EventRounds "6"]
[SourceTitle "Corr 2008"]
[Source "ChessBase"]
[SourceDate "2008.06.24"]
[SourceVersion "1"]
[SourceVersionDate "2008.06.24"]
[SourceQuality "1"]

1. Nf3 g6 2. d4 Bg7 3. c4 d6 4. Nc3 Nf6 5. e4 0-0 6. Be2 e5 7. 0-0 Nc6 8. d5 Ne7 9. Nd2 Ne8 10. b4 f5 11. Re1 f4 12. Bb2 g5 13. Rc1 a5 14. a3 Rf7 15. c5 Bf8 16. b5 Ng6 17. Bh5 Rg7 18. cxd6 cxd6 19. Nc4 g4 20. Bxg6 hxg6 21. g3 Rh7 22. Na4 Qg5 23. Rc2 Qh5 24. h4 g5 25. Ncb6 f3 0-1

[Event "IECG CP.2000.P.00122"]
[Site "IECG email"]
[Date "2000.10.01"]
[Round "?"]
[White "Copie, Jose Antonio"]
[Black "Venturas, Bob"]
[Result "1-0"]
[WhiteElo "2552"]
[BlackElo "561"]
[PlyCount "41"]
[EventDate "2000.10.01"]
[EventType "tourn (corr)"]
[EventRounds "6"]
[EventCountry "ARG"]
[SourceTitle "Corr 2008"]
[Source "ChessBase"]
[SourceDate "2008.06.24"]
[SourceVersion "1"]
[SourceVersionDate "2008.06.24"]
[SourceQuality "1"]

1. e4 e5 2. Nf3 Nc6 3. Bb5 Nd4 4. Nxd4 exd4 5. 0-0 c6 6. Bc4 Bd6 7. d3 Qf6 8. f4 Bc7 9. e5 Qe7 10. Nd2 b5 11. Bb3 a5 12. a4 b4 13. Ne4 Bb7 14. Qg4 Qf8 15. Qh4 Bd8 16. Qf2 c5 17. Nd6+ Ke7 18. Qh4+ f6 19. Re1 Bc7 20. Nxb7 Rb8 21. exf6# 1-0

[Event "IECG CP.2000.P.00122"]
[Site "IECG email"]
[Date "2000.10.01"]
[Round "?"]
[White "Jelic, Milorad"]
[Black "Copie, Jose Antonio"]
[Result "0-1"]
[WhiteElo "1800"]
[BlackElo "2552"]
[PlyCount "118"]
[EventDate "2000.10.01"]
[EventType "tourn (corr)"]
[EventRounds "6"]
[EventCountry "ARG"]
[SourceTitle "Corr 2024"]
[Source "ChessBase"]
[SourceDate "2023.10.19"]
[SourceVersion "1"]
[SourceVersionDate "2023.10.19"]
[SourceQuality "1"]

1. d4 g6 2. e4 Bg7 3. Nf3 d6 4. h3 Nf6 5. Nc3 0-0 6. Be3 c6 7. Bd3 Nbd7 8. Qd2 b5 9. 0-0 Qc7 10. a3 Re8 11. Rfe1 e5 12. d5 cxd5 13. Nxd5 Nxd5 14. exd5 a6 15. c3 Bb7 16. Bc2 Nb6 17. Bxb6 Qxb6 18. Rad1 h6 19. Qd3 Rac8 20. Nh4 Qd8 21. Qg3 Rc7 22. Re3 Bf6 23. Nf3 Kg7 24. h4 h5 25. Be4 Rh8 26. Bc2 Rc5 27. Be4 Bc8 28. Ng5 Bxg5 29. Qxg5 f5 30. Qxd8 Rxd8 31. Bc2 f4 32. Re2 Kf6 33. a4 Bb7 34. axb5 axb5 35. Bb3 g5 36. hxg5+ Kxg5 37. f3 Ra8 38. Re4 h4 39. Kf2 Bc8 40. Ree1 Bf5 41. Ra1 Rcc8 42. Rec1 e4 43. fxe4 Bxe4 44. Rxa8 Rxa8 45. c4 Rc8 46. Rc3 Rc5 47. Ba2 Kf5 48. b4 Rc8 49. c5 Rg8 50. cxd6 Rxg2+ 51. Ke1 Kf6 52. Bb3 Rg3 53. Rc8 Bf5 54. Rf8+ Ke5 55. Bc2 Bg4 56. Kd2 h3 57. Bd1 h2 58. Rh8 Bh3 59. d7 Rg2+ 0-1

[Event "Krzyszton mem corr"]
[Site "Poland corr"]
[Date "1999.07.15"]
[Round "?"]
[White "Cimmino, Pietro"]
[Black "Copie, Jose Antonio"]
[Result "1/2-1/2"]
[WhiteElo "2515"]
[BlackElo "2553"]
[PlyCount "58"]
[EventDate "1999.07.15"]
[EventType "tourn (corr)"]
[EventRounds "14"]
[EventCountry "POL"]
[SourceTitle "Corr 2008"]
[Source "ChessBase"]
[SourceDate "2008.06.24"]
[SourceVersion "1"]
[SourceVersionDate "2008.06.24"]
[SourceQuality "1"]

1. e4 g6 2. d4 Bg7 3. c4 d6 4. Nc3 Nf6 5. Nf3 0-0 6. Be2 e5 7. 0-0 Nc6 8. d5 Ne7 9. b4 Nh5 10. Re1 f5 11. Ng5 Nf6 12. Bf3 fxe4 13. Ncxe4 Nf5 14. Bb2 Nxe4 15. Nxe4 a5 16. b5 b6 17. g3 Nd4 18. Bxd4 exd4 19. Bg4 h6 20. f4 Re8 21. Bxc8 Qxc8 22. Qd3 Qf5 23. Re2 Re7 24. Rae1 Rae8 25. h4 h5 26. Kf1 Qh3+ 27. Kf2 Qf5 28. Qf3 Qh3 29. Ng5 Qh2+ 1/2-1/2

[Event "Krzyszton mem corr"]
[Site "Poland corr"]
[Date "1999.07.15"]
[Round "?"]
[White "Kluegel, Jens Uwe"]
[Black "Copie, Jose Antonio"]
[Result "1/2-1/2"]
[WhiteElo "2548"]
[BlackElo "2553"]
[PlyCount "70"]
[EventDate "1999.07.15"]
[EventType "tourn (corr)"]
[EventRounds "14"]
[EventCountry "POL"]
[SourceTitle "Corr 2008"]
[Source "ChessBase"]
[SourceDate "2008.06.24"]
[SourceVersion "1"]
[SourceVersionDate "2008.06.24"]
[SourceQuality "1"]

1. e4 g6 2. d4 Bg7 3. Nc3 d6 4. Be3 c6 5. Nf3 Nf6 6. Qd2 b5 7. Bd3 0-0 8. Bh6 Nbd7 9. Bxg7 Kxg7 10. h4 e5 11. 0-0-0 h5 12. Ne2 Ng4 13. Rhf1 Qb6 14. Ng3 Ndf6 15. Be2 c5 16. dxe5 dxe5 17. Ng5 c4 18. Qd6 Rb8 19. Qxb6 Rxb6 20. c3 a5 21. Rd2 Ba6 22. Bxg4 hxg4 23. f4 gxf3 24. Nxf3 Re8 25. h5 b4 26. hxg6 bxc3 27. bxc3 fxg6 28. Rb2 Rxb2 29. Kxb2 Rd8 30. Nxe5 Rd2+ 31. Ka3 Rxg2 32. Rf3 Bb5 33. Re3 Rd2 34. Ne2 Nd7 35. Ng4 Nf6 1/2-1/2

[Event "Krzyszton mem corr"]
[Site "Poland corr"]
[Date "1999.07.15"]
[Round "?"]
[White "Sapa, Wladyslaw"]
[Black "Copie, Jose Antonio"]
[Result "1/2-1/2"]
[WhiteElo "2449"]
[BlackElo "2553"]
[PlyCount "41"]
[EventDate "1999.07.15"]
[EventType "tourn (corr)"]
[EventRounds "14"]
[EventCountry "POL"]
[SourceTitle "Corr 2008"]
[Source "ChessBase"]
[SourceDate "2008.06.24"]
[SourceVersion "1"]
[SourceVersionDate "2008.06.24"]
[SourceQuality "1"]

1. e4 g6 2. d4 Bg7 3. Nc3 d6 4. f4 Nf6 5. Nf3 0-0 6. Bd3 Nc6 7. 0-0 Bg4 8. e5 dxe5 9. dxe5 Nd5 10. h3 Nxc3 11. bxc3 Bf5 12. Qe2 Qd7 13. Be3 Rad8 14. Rad1 Qc8 15. Nd4 Bxd3 16. cxd3 Nxd4 17. Bxd4 b6 18. Be3 c5 19. d4 cxd4 20. cxd4 e6 21. Rc1 1/2-1/2

[Event "Krzyszton mem corr"]
[Site "Poland corr"]
[Date "1999.07.15"]
[Round "?"]
[White "Wohlfahrt, Herbert J Sr"]
[Black "Copie, Jose Antonio"]
[Result "0-1"]
[WhiteElo "2547"]
[BlackElo "2553"]
[PlyCount "48"]
[EventDate "1999.07.15"]
[EventType "tourn (corr)"]
[EventRounds "14"]
[EventCountry "POL"]
[SourceTitle "Corr 2008"]
[Source "ChessBase"]
[SourceDate "2008.06.24"]
[SourceVersion "1"]
[SourceVersionDate "2008.06.24"]
[SourceQuality "1"]

1. d4 g6 2. c4 Bg7 3. Nf3 Nf6 4. g3 0-0 5. Bg2 d6 6. 0-0 Nbd7 7. Nc3 e5 8. h3 c6 9. e4 Qb6 10. Re1 exd4 11. Nxd4 Re8 12. Nc2 Qc7 13. b3 b6 14. Ba3 Nc5 15. b4 Nb7 16. Bb2 Be6 17. Ne3 Rad8 18. Rc1 Qb8 19. Qd2 h5 20. f4 Nh7 21. Ne2 Bxb2 22. Qxb2 Bd7 23. Rcd1 Nf8 24. Nd4 Rc8 0-1

[Event "Krzyszton mem corr"]
[Site "Poland corr"]
[Date "1999.??.??"]
[Round "?"]
[White "Copie, Jose Antonio"]
[Black "Toro Solis de Ovando, Guillermo F"]
[Result "1/2-1/2"]
[WhiteElo "2553"]
[BlackElo "2556"]
[PlyCount "103"]
[EventDate "1999.07.15"]
[EventType "tourn (corr)"]
[EventRounds "14"]
[EventCountry "POL"]
[SourceTitle "Corr 2002"]
[Source "ChessBase"]
[SourceDate "2002.05.23"]
[SourceVersion "1"]
[SourceVersionDate "2002.05.23"]
[SourceQuality "1"]

1. e4 c5 2. Nf3 Nc6 3. d4 cxd4 4. Nxd4 Nf6 5. Nc3 e5 6. Ndb5 d6 7. Bg5 a6 8. Na3 b5 9. Bxf6 gxf6 10. Nd5 Bg7 11. c3 f5 12. exf5 Bxf5 13. Nc2 0-0 14. Nce3 Be6 15. Bd3 f5 16. Bc2 f4 17. Qh5 Rf7 18. Bxh7+ Kf8 19. Bf5 Qe8 20. Bxe6 Qxe6 21. Qg4 Qh6 22. 0-0 Re8 23. h3 Qh7 24. a4 Bh6 25. axb5 axb5 26. Qe2 fxe3 27. fxe3 Qg6 28. Rxf7+ Kxf7 29. Rf1+ Kg7 30. Rf6 Qe4 31. Qxb5 Bg5 32. Rf3 Rf8 33. Qb7+ Ne7 34. Rg3 Kf7 35. Rxg5 Qxd5 36. Rf5+ Kg8 37. Qxd5+ Nxd5 38. Rxf8+ Kxf8 39. Kf2 Nb6 40. b3 Nd5 41. c4 Nb4 42. Kf3 Nc6 43. Ke4 Ke7 44. Kd3 Nb4+ 45. Kc3 Na2+ 46. Kd2 Kf6 47. h4 Kf5 48. h5 Kg5 49. g4 Nb4 50. e4 Na6 51. Ke3 Nb4 52. Kd2 1/2-1/2

[Event "Pereyra mem-A email "]
[Site "CAPA email"]
[Date "1999.??.??"]
[Round "14"]
[White "Copie, Jose Antonio"]
[Black "Van Kempen, Heinz Erich"]
[Result "1/2-1/2"]
[WhiteElo "2553"]
[BlackElo "2549"]
[PlyCount "87"]
[EventDate "1999.10.15"]
[EventType "tourn (corr)"]
[EventRounds "14"]
[EventCountry "ARG"]
[EventCategory "11"]
[SourceTitle "Corr 2002"]
[Source "ChessBase"]
[SourceDate "2002.05.23"]
[SourceVersion "1"]
[SourceVersionDate "2002.05.23"]
[SourceQuality "1"]

1. e4 c5 2. Nf3 d6 3. d4 cxd4 4. Nxd4 Nf6 5. Nc3 a6 6. Bg5 e6 7. f4 Qb6 8. Nb3 Be7 9. Qf3 Nbd7 10. 0-0-0 Qc7 11. Qg3 b5 12. Bxf6 Nxf6 13. e5 dxe5 14. fxe5 Nd7 15. Bxb5 axb5 16. Nxb5 Qb6 17. Qxg7 Rf8 18. Nd6+ Bxd6 19. exd6 Bb7 20. Rhe1 0-0-0 21. Kb1 Kb8 22. g4 Bd5 23. g5 Rc8 24. Qxh7 Qxd6 25. Qd3 Nb6 26. h4 Qc7 27. h5 Rh8 28. h6 f6 29. Nd4 fxg5 30. Nxe6 Qa7 31. b3 Rxh6 32. Qg3+ Ka8 33. Nd4 Rg6 34. Re5 Qc7 35. Qe1 Bb7 36. Qa5+ Kb8 37. Rxg5 Rxg5 38. Qxg5 Nd5 39. Rd3 Nc3+ 40. Kb2 Ne4 41. Qe3 Qb6 42. Qf4+ Ka8 43. Ne2 Qc5 44. Nd4 1/2-1/2